|
|
|
|
| LEADER |
01245nam a2200313 a 4500 |
| 001 |
17041796 |
| 008 |
120513s2011 enka 000 1 eng d |
| 010 |
|
|
|a 2011500034
|
| 020 |
|
|
|a 9780194249164 (pbk.)
|
| 020 |
|
|
|a 9780194249140 (book and multiROM pack)
|
| 040 |
|
|
|a DLC
|c DLC
|d BD-DhAAL
|
| 082 |
0 |
0 |
|a 428.6
|2 22
|
| 100 |
1 |
|
|a Till, Julie.
|
| 245 |
1 |
0 |
|a Mystery in Muscat /
|c Julie Till ; illustrated by Sebastian Camagajevac.
|
| 260 |
|
|
|a Oxford ;
|a New York :
|b Oxford University Press,
|c c2011.
|
| 300 |
|
|
|a 51 p. :
|b col. ill. ;
|c 21 cm.
|
| 490 |
1 |
|
|a Dominoes. Level one
|
| 541 |
|
|
|e 00025137
|
| 650 |
|
0 |
|a Readers (Adult)
|
| 650 |
|
0 |
|a English language
|v Textbooks for foreign speakers.
|
| 650 |
|
0 |
|a Reading comprehension
|v Problems, exercises, etc.
|
| 650 |
|
0 |
|a Art thefts
|v Fiction.
|
| 651 |
|
0 |
|a Muscat (Oman)
|v Fiction.
|
| 655 |
|
7 |
|a Mystery fiction.
|2 gsafd
|
| 655 |
|
7 |
|a Suspense fiction.
|2 gsafd
|
| 700 |
1 |
|
|a Camagajevac, Seb,
|e ill.
|
| 852 |
1 |
|
|a Ayesha Abed Library
|c General shelf.
|
| 999 |
|
|
|c 12230
|d 12230
|
| 952 |
|
|
|0 0
|1 0
|2 ddc
|4 0
|6 428_600000000000000_TIL
|7 0
|9 20259
|a BRACUL
|b BRACUL
|c GEN
|d 2012-05-23
|e Karim International
|g 604.00
|l 0
|o 428.6 TIL
|p 3010025137
|r 2012-05-23
|t 1
|w 2012-05-23
|y BK
|x Transferred from BIL to BRACUL on 06/06/22
|